| 000 | 00975nam a2200193 a 4500 | ||
|---|---|---|---|
| 008 | 090603s1980 ||||||||||||||||| || u | ||
| 050 | _aHC 517.Z2 Zam | ||
| 110 | _aNational Commission for Development Planning (NCDP) | ||
| 245 | 1 | 0 | _aThird National Development Plan: annual report |
| 260 |
_aLusaka _bNCDP _c1980 |
||
| 300 | _a310p.; ill. | ||
| 350 | _a0.00 | ||
| 500 | _a1981 | ||
| 650 | _aECONOMIC DEVELOPMENT PLAN--ZAMBIA | ||
| 650 | 0 | _aAFRICA--ECONOMIC CONDITIONS | |
| 995 |
_aBINDERY (DAMAGED) _D0.00 _e700846 _FCBU-MAIN LIBRARY (Kitwe) _H1 _I0.00 _jHC 517.Z2 ZAM _M2 _UDAMAGED _WJun 4, 2009 _y700846 _ZMain Library Open Access Collection |
||
| 995 |
_aBINDERY (DAMAGED) _D0.00 _e700847 _FCBU-MAIN LIBRARY (Kitwe) _H1 _I0.00 _jHC 517.Z2 ZAM _M3 _UDAMAGED _WJun 11, 2009 _y700847 _ZMain Library Open Access Collection |
||
| 995 |
_aBINDERY (DAMAGED) _D0.00 _e703727 _FCBU-MAIN LIBRARY (Kitwe) _H1 _I0.00 _jHC 517.Z2 ZAM _M1 _UAVAILABLE _WJun 3, 2009 _y703727 _ZMain Library Open Access Collection |
||
| 999 |
_c81304 _d81304 |
||